Teoretické aspekty kontrolingu pohľadávok v malých a stredných podnikoch
Prezentácia návrhu všeobecného modelu kontrolingového systému riadenia pohľadávok v malých a stredných podnikoch.
Gespeichert in:
| 1. Verfasser: | |
|---|---|
| Weitere Verfasser: | |
| Format: | Buchkapitel |
| Sprache: | Slowakisch |
| Schlagworte: | |
| Tags: |
Keine Tags, Fügen Sie das erste Tag hinzu!
|
MARC
| LEADER | 00000naa a2200000 4500 | ||
|---|---|---|---|
| 001 | 0167990 | ||
| 005 | 20231204132105.6 | ||
| 041 | 0 | |a slo | |
| 044 | |a SK | ||
| 245 | 1 | 0 | |a Teoretické aspekty kontrolingu pohľadávok v malých a stredných podnikoch |c Mariana Sedliačiková, Ivan Volčko |
| 520 | |a Prezentácia návrhu všeobecného modelu kontrolingového systému riadenia pohľadávok v malých a stredných podnikoch. | ||
| 610 | 2 | 0 | |a podnik malý |
| 610 | 2 | 0 | |a podnik stredný |
| 610 | 2 | 0 | |a pohľadávky |
| 610 | 2 | 0 | |a kontroling |
| 100 | 1 | |a Sedliačiková, Mariana | |
| 700 | 1 | |a Volčko, Ivan | |